Histoire - Alésia - Statistiques

Statistiques générales
  • Ce quiz a été pris 11 fois
  • Le résultat moyen est 8 sur 15
Statistiques - réponses
Question Réponse % Correct
Quel souverain passionné d'histoire et soucieux d'établir un fort sentiment national a effectué de nombreuses fouilles à Alésia et propagé la vision romantique et fausse des gaulois barbus aux casques ailés ? Napoléon III
100%
Où se trouve Alésia ? En Bourgogne
80%
En quelle année a eu lieu le siège de l’oppidum d'Alésia, la forteresse gauloise ? - 52
70%
Est-ce que César est devenu empereur ? Non
70%
Combien de Gaulois venant de toute la Gaule constituaient l'armée de soutien commandée par Vercassivellaunos, le cousin de Vercingétorix ? 240 000
60%
Où Vercingétorix aurait-il fait ses études, comme tous les aristocrates gaulois de cette époque ? Rome
60%
Comment s'appelle le livre de César écrit à la 3e personne qui relate la guerre des Gaules et qui constitue la seule source que l'on possède du siège ? Commentaires sur la guerre des Gaules
50%
César a évidemment eu l'honneur du Triomphe lorsqu'il est revenu de la guerre des Gaules triomphant. Il défile alors sur Rome, acclamé par tout le peuple, mais qu'est-ce que lui répète l'esclave qui l'accompagne dans son char ? Hominem te memento (Souviens-toi que tu es un homme)
50%
À l'inverse, combien y avait-il d'hommes du côté romain ? 80 000
40%
Qu'ont dû faire les gaulois assiégés pour pouvoir survivre plus longtemps ? Ils ont contraint les bouches inutiles à s'exiler, femmes et enfants, que César a décimé
40%
Sous les ordres de quel général aurait-il combattu en premier lieu ? Jules César
40%
Comment a été exécuté Vercingétorix, une fois ramené à Rome ? On ne sait pas
40%
Combien de temps a duré le siège ? Quelques semaines
30%
Combien y avait-il d'hommes et de femmes assiégés ? 80 000
10%
Quelle affirmation est vraie ? Les gaulois ont déclaré Vercingétorix comme leur roi
10%
Aucun quiz correspondant
Distribution des résultats
% des personnes avec chaque résultat
Percentile par nombre de réponses
Votre historique - résultats
Vous n’avez pas pris ce quiz